| 000 | 00542nam a2200157 a 4500 | ||
|---|---|---|---|
| 001 | 000043825 | ||
| 005 | 20201002045005.0 | ||
| 008 | 140506s2009 sp 001 0 spa d | ||
| 020 | _a9788446030331 | ||
| 040 |
_aDO-SdBNP _bspa _cBNPHU |
||
| 041 | 1 | 7 |
_aspa _hbnt |
| 245 | 0 | 0 |
_aDiccionario español-bubi = _bË ribúkku ra balláa béböbé-lëë / _cJusto Boleika. |
| 246 | 1 | 3 | _aË ribúkku ra balláa béböbé-lëë |
| 260 |
_aMadrid : _bAgencia Española de Cooperación Internacional para el Desarrollo, _c2009. |
||
| 300 |
_a542 p. ; _c23 cm. |
||
| 999 |
_c43314 _d43314 |
||